000
00215nmm a2200085Ia 4500
008
220120s9999||||xx |||||||||||||||||und||
082
_a
004.2 NOE
100
_a
Noergaard, Tammy
245
0
_a
Embedded systems architecture
999
_c
139345
_d
139345